Mitteleuropa and German politics : 1848 to the present /

Bibliographic Details
Main Author: Brechtefeld, Jörg
Format: Book
Language:English
Published: New York : St. Martin's Press, 1996.
Subjects:

MARC

Tag First Indicator Second Indicator Subfields
LEADER 00000cam a2200000 a 4500
001 in00001333708
005 20151005090723.0
008 951205s1996 nyub b 001 0 eng
010 |a  95052081  
020 |a 0312158416 
035 |a (OCoLC)33947746 
035 |9 AHE1863AM 
040 |a DLC  |c DLC  |d TXA  |d UtOrBLW 
043 |a ec-----  |a e-gx--- 
049 |a TXAM 
050 0 0 |a DAW1045.G3  |b B74 1996 
082 0 0 |a 327/.0943  |2 20 
100 1 |a Brechtefeld, Jörg. 
245 1 0 |a Mitteleuropa and German politics :  |b 1848 to the present /  |c Jörg Brechtefeld. 
264 1 |a New York :  |b St. Martin's Press,  |c 1996. 
300 |a vii, 195 pages :  |b maps ;  |c 23 cm. 
336 |a text  |b txt  |2 rdacontent 
337 |a unmediated  |b n  |2 rdamedia 
338 |a volume  |b nc  |2 rdacarrier 
504 |a Includes bibliographical references (pages 152-170) and index. 
651 0 |a Europe, Central  |x Foreign relations  |x Germany. 
651 0 |a Germany  |x Foreign relations  |z Europe, Central. 
651 0 |a Germany  |x Politics and government  |y 1848-1870. 
651 0 |a Germany  |x Politics and government  |y 1871-1918. 
651 0 |a Germany  |x Politics and government  |y 20th century. 
999 |a MARS 
999 f f |s 5a4559b2-d710-3304-b956-149ddf1b2ca0  |i f3da3396-af89-3a38-a2c5-a079a3ac086d  |t 0 
952 f f |p normal  |a Texas A&M University  |b College Station  |c Sterling C. Evans Library  |d Evans: Library Stacks  |t 0  |e DAW1045.G3 B74 1996  |h Library of Congress classification  |i unmediated -- volume  |m A14820603100 
998 f f |a DAW1045.G3 B74 1996  |t 0  |l Evans: Library Stacks